000 00564nam a2200205Ia 4500
003 GCL
008 140319s9999 xx 000 0 ara d
040 _aGCL /
_cGCL
082 0 4 _a025.175
_bم ا
100 1 _aمحمد محجوب مالك
245 1 0 _aادارة الوثائق الارشيفية /
_cمحمد محجوب مالك
260 _a[S.N] :
_bدار الجيل ،
_c1992
300 _a151 ص
490 _a
650 0 4 _aالعلم
650 0 4 _aالوثائق
650 0 4 _aالارشيف
650 0 4 _aالمحفوظات
942 _2ddc
_cBK
999 _c59087
_d59087